Využitie fuzzy analýzy pri rozbore aktivít potravinárskych veľkoobchodov

Analýza činnosti potravinárskych veľkoobchodov v súbore vybraných firiem pomocou metódy zhlukovej fuzzy analýzy.

Guardado en:
Detalles Bibliográficos
Autor principal: Vicen, Michal
Otros Autores: Stehlíková, Beáta
Formato: Capítulo de libro
Lenguaje:eslovaco
Materias:
Etiquetas: Agregar Etiqueta
Sin Etiquetas, Sea el primero en etiquetar este registro!

MARC

LEADER 00000naa a2200000 4500
001 r049629
005 20231004074650.7
041 0 |a slo 
044 |a SK 
245 1 0 |a Využitie fuzzy analýzy pri rozbore aktivít potravinárskych veľkoobchodov  |c Michal Vicen, Beáta Stehlíková 
520 |a Analýza činnosti potravinárskych veľkoobchodov v súbore vybraných firiem pomocou metódy zhlukovej fuzzy analýzy. 
610 2 0 |a veľkoobchod 
610 2 0 |a potravinárstvo 
610 2 0 |a analýza zhluková 
100 1 |a Vicen, Michal 
700 1 |a Stehlíková, Beáta